[Event "Oslo Chess Festival 2017"]
[Site "Oslo"]
[Date "2017.09.29"]
[Round "1"]
[White "Enersen, Eirik S"]
[Black "Gajewski, Grzegorz"]
[Result "0-1"]
[WhiteElo "1911"]
[BlackElo "2630"]
[Annotator "TA"]
[PlyCount "64"]
[EventDate "2017.??.??"]
[EventType "swiss"]
[EventCountry "NOR"]
[SourceTitle "playchess.com"]
[Source "ChessBase"]
[SourceQuality "1"]

{[%evp 9,64,6,9,6,4,13,12,-14,-25,-19,-22,-32,-34,-28,-29,-12,0,-8,0,-12,-13,-43,-46,-71,-68,-74,-68,-68,-68,-82,-74,-85,-27,-71,-72,-136,-144,-136,-136,-137,-119,-127,-115,-133,-118,-223,-223,-228,-225,-733,-751,-1095,-1072,-2406,-2406,-29989,-2397]} 1. e4 {[%cal Be2e4,Be4e5][%mdl 32]} c5 2. Nf3 e6 3. b3 Nc6 4. Bb2 a6 5. c4 Nf6 6. e5 {B40: Sicilian: 2...e6, Unusual lines} Ng4 7. h3 Nh6 8. Be2 $146 {The position is equal.} ({Predecessor:} 8. Nc3 Nf5 9. Ne4 Qc7 10. Bd3 Be7 11. O-O b6 12. Re1 Nfd4 13. Nxd4 Nxd4 14. Bxd4 cxd4 {0-1 (77) Akopian,V (2691)-Vitiugov,N (2734) Khanty-Mansiysk 2013}) 8... Nf5 9. O-O d6 10. exd6 Bxd6 11. Bd3 Nfd4 12. Nxd4 cxd4 13. Be4 e5 14. Re1 (14. f4 $5) 14... O-O 15. c5 Bxc5 16. Bxc6 bxc6 17. Rxe5 Bd6 18. Re1 Bc7 19. Ba3 Re8 {...Be6 is the strong threat.} 20. d3 Rxe1+ 21. Qxe1 Bf5 22. Qd1 {[#]} (22. Nd2 $142) 22... Qg5 $1 $17 23. Nd2 {[#]} Bxh3 $1 $40 {[%csl Gh3][%cal Rg5g2][%mdl 128] White is in trouble.} 24. Qf3 Bd7 25. Ne4 Qh6 {aiming for ...Qh2+.} 26. g3 Re8 27. Rc1 (27. Nc5 $17 {was necessary.} Bc8 28. Ne4) 27... f5 $19 {[%cal Bf7f5,Bf5f4][%mdl 32]} 28. Nc5 Bc8 29. Na4 $2 (29. Bb2) 29... f4 30. Rf1 Bh3 31. Bc1 Bxf1 32. Kxf1 Qh3+ {Precision: White = 46%, Black = 81%.} (32... Ba5 $142 33. Bd2 Bxd2 34. Kg2 Re1 35. gxf4 Qh1+ 36. Kg3 Rg1+ 37. Qg2 Qxg2+ 38. Kh4 Qh2#) 0-1

[Event "Oslo Chess Festival 2017"]
[Site "Oslo"]
[Date "2017.09.29"]
[Round "1"]
[White "Abdrlauf, Elham"]
[Black "Maze, Sebastien"]
[Result "0-1"]
[WhiteElo "1899"]
[BlackElo "2614"]
[Annotator "TA"]
[PlyCount "74"]
[EventDate "2017.??.??"]
[EventType "swiss"]
[EventCountry "NOR"]
[SourceTitle "playchess.com"]
[Source "ChessBase"]
[SourceQuality "1"]

{[%evp 9,74,0,8,10,24,13,21,6,16,11,16,16,24,19,39,0,4,10,12,12,14,20,26,21,34,0,110,99,95,18,18,12,15,-64,-61,-83,-75,-91,-85,-158,-160,-163,-159,-261,-258,-398,-393,-366,-355,-397,-410,-401,-379,-383,-377,-402,-402,-391,-380,-365,-351,-471,-425,-593,-572,-540,-524]} 1. d4 Nf6 2. Nc3 d5 3. Bf4 c6 4. e3 Bf5 5. Bd3 (5. f3 e6 6. g4 Bg6 7. h4 h5 8. g5 Nfd7 9. Bd3 Bxd3 10. Qxd3 g6 11. Nge2 Bg7 12. Bd6 {1-0 (49) Grandelius,N (2643)-Bologan,V (2640) Doha 2016}) 5... Bg6 {LiveBook: 3 Games} 6. Nf3 {D00: 1 d4 d5: Unusual lines} Nbd7 7. O-O e6 8. Re1 $146 {The position is equal.} ({Predecessor:} 8. Ne5 Be7 9. Ne2 Nxe5 10. Bxe5 O-O 11. Nf4 Bd6 12. Bxd6 Qxd6 13. Bxg6 fxg6 14. Nd3 Nd7 15. f4 c5 16. c3 c4 17. Ne5 Nxe5 18. fxe5 Rxf1+ 19. Qxf1 Qc6 20. Qe2 b5 {½-½ (20) Zegarac,V (2143)-Marinovic,B (2391) Novi Sad 2015}) 8... Bb4 9. a3 Bxc3 10. bxc3 O-O 11. c4 Ne4 12. Bxe4 Bxe4 13. Nd2 Bg6 14. cxd5 exd5 15. c4 {[%cal Bc2c4,Bc4c5][%mdl 32]} Nb6 16. c5 Nd7 17. Nf3 b5 (17... Bh5 $11 {remains equal.}) 18. a4 $16 a6 19. Ne5 (19. Re2 $16) 19... Nxe5 $11 20. Bxe5 Qd7 21. axb5 (21. Bd6 $11 Rfe8 22. Qb3) 21... axb5 $15 22. Qd2 Qb7 23. Qb4 Ra6 24. Ra5 (24. f3 $142) 24... Rxa5 $17 25. Qxa5 Ra8 26. Qb6 {[#]} (26. Qb4 $17) 26... Qc8 $1 $19 27. f3 {[#]} (27. e4 $142 dxe4 28. Bc7) 27... f6 $1 {[%cal Rf6e5]} 28. Bd6 Ra6 29. Qc7 Qxc7 30. Bxc7 {[%mdl 4096] Endgame KRB-KRB} b4 {[%cal Bb5b4,Bb4b3][%mdl 32]} 31. e4 dxe4 32. fxe4 b3 {...b2 is the strong threat.} 33. Rb1 Ra3 34. Bf4 Bxe4 35. Rb2 Bc2 {Black is clearly winning.} 36. Bd2 Kf7 37. Kf2 Ke6 {Precision: White = 41%, Black = 78%.} 0-1

[Event "Oslo Chess Festival 2017"]
[Site "Oslo"]
[Date "2017.09.29"]
[Round "1"]
[White "Omtvedt, Per"]
[Black "Blomqvist, Erik"]
[Result "0-1"]
[WhiteElo "1880"]
[BlackElo "2521"]
[Annotator "TA"]
[PlyCount "84"]
[EventDate "2017.??.??"]
[EventType "swiss"]
[EventCountry "NOR"]
[SourceTitle "playchess.com"]
[Source "ChessBase"]
[SourceQuality "1"]

{[%evp 16,84,5,5,17,17,12,6,2,4,8,-9,-5,-11,-5,-38,0,0,7,0,8,-23,-6,-11,6,0,0,0,0,0,0,0,0,0,6,0,0,-16,-16,-66,-71,-129,-104,-86,-85,-147,-149,-544,-543,-535,-502,-556,-481,-567,-511,-616,-608,-573,-504,-984,-865,-815,-587,-1235,-1185,-3386,-3021,-29990,-29991,-29995,-29995]} 1. e4 c5 2. Nc3 a6 3. g3 b5 4. Bg2 Bb7 5. d3 e6 6. Nf3 d6 7. O-O Nf6 8. e5 dxe5 {B40: Sicilian: 2...e6, Unusual lines} 9. Nxe5 {LiveBook: 13 Games} Qc8 (9... Bxg2 10. Kxg2 Nbd7 11. Bf4 Nxe5 12. Bxe5 Be7 13. Ne4 O-O 14. Nxf6+ Bxf6 15. Bxf6 Qxf6 16. b3 {½-½ (48) Lyrberg,P (2460)-Westerberg,J (2489) Sweden 2016}) 10. Bxb7 Qxb7 {The position is equal.} 11. Qf3 $146 (11. a4 {with more complications.} b4 12. Nb1 Be7 13. Nd2 O-O 14. b3) ({Predecessor:} 11. d4 cxd4 12. Qxd4 {1-0 (52) Seiner,F (1785)-Hrbolka,P Most 1999}) 11... Qxf3 12. Nxf3 Nc6 13. Re1 Be7 14. a4 b4 15. Ne4 Nd5 16. Be3 Nxe3 17. fxe3 O-O-O 18. b3 Kc7 19. Rad1 Rd7 20. Ned2 g5 21. Nc4 f6 22. Kg2 h5 23. h3 Bd8 24. Rh1 Rg8 25. Kf2 Ne7 26. g4 Nd5 27. e4 Nf4 $1 28. d4 (28. Rdg1 $142) 28... Nxh3+ 29. Rxh3 hxg4 30. Rhh1 (30. Rh6 $142 gxf3 31. Kxf3) 30... gxf3 $17 31. dxc5 $2 {[%mdl 8192]} (31. Kxf3 $17 {is a better chance.} cxd4 32. e5) 31... Rxd1 $19 32. Rxd1 $17 {[%mdl 4096] Endgame [#] KRB-KRN} g4 $1 33. Kg3 Be7 34. Rh1 {intending Rh7.} Bxc5 35. Rh7+ Kb8 36. Rf7 Bd4 {aiming for ...Bc3.} 37. Re7 (37. Rd7 $142 Bc3 38. Rd1) 37... f2 38. Kg2 f5 {[%cal Bf6f5,Bf5f4,Bf4f3][%mdl 32]} 39. Na5 {Nc6+ would now be nice for White.} Rc8 40. Nc4 f4 {[#] ( -> ...f3+)} 41. Rxe6 f3+ 42. Kf1 Rh8 {Precision: White = 20%, Black = 70%.} 0-1

[Event "Oslo Chess Festival 2017"]
[Site "Oslo"]
[Date "2017.09.29"]
[Round "1"]
[White "Holand, Per Fredrik"]
[Black "Li, Di"]
[Result "0-1"]
[WhiteElo "1866"]
[BlackElo "2459"]
[Annotator "TA"]
[PlyCount "150"]
[EventDate "2017.??.??"]
[EventType "swiss"]
[EventCountry "NOR"]
[SourceTitle "playchess.com"]
[Source "ChessBase"]
[SourceQuality "1"]

{[%evp 13,150,14,4,-71,-65,-50,-49,-74,-62,-56,-71,-62,-12,-39,-40,-39,-37,-36,-40,-75,-78,-97,-91,-135,-131,-135,-146,-146,-142,-141,-117,-113,-113,-125,-125,-130,-123,-132,-129,-134,-124,-127,-129,-128,-121,-129,-125,-129,-121,-129,-121,-129,-125,-131,-128,-127,-122,-131,-131,-131,-131,-162,-162,-166,-162,-165,-147,-165,-167,-170,-165,-168,-135,-135,-135,-143,-128,-138,-118,-145,-118,-125,-125,-148,-148,-174,-159,-238,-238,-235,-206,-244,-230,-230,-229,-258,-216,-198,-191,-263,-269,-358,-354,-334,-329,-351,-277,-500,-506,-488,-431,-575,-568,-516,-514,-1006,-795,-1666,-1598,-1403,-1305,-4134,-3861,-29968,-11596,-29980,-29983,-29983,-29983,-29979,-29980,-29982,-29983,-29988,-29989,-29989,-29990,-29990,-29991]} 1. d4 Nf6 2. c4 g6 3. Nc3 d5 4. cxd5 Nxd5 5. Bd2 Nb6 6. Bf4 {D85: Exchange Grünfeld: Unusual White 7th moves and lines with 7 Nf3} Bg7 7. e3 O-O {LiveBook: 51 Games} 8. Bd3 $146 {[#]} (8. Nf3 $11 {remains equal.}) ({Predecessor:} 8. Nf3 Bg4 9. h3 Bxf3 10. Qxf3 c6 11. Be2 N8d7 12. Bg5 Qe8 13. O-O e5 14. Rfe1 h6 15. Bh4 f5 16. Bd1 {½-½ (45) Eljanov,P (2719)-Swiercz,D (2614) Germany 2015}) 8... c5 $1 $17 9. dxc5 N6d7 10. Nge2 Nxc5 11. Bc2 Nc6 12. a3 Ne5 {With the idea ...Ned3+.} (12... e5 {seems wilder.} 13. Bg3 a5 14. O-O Be6 15. Rb1 a4) 13. Bxe5 Bxe5 14. O-O Bg4 15. f3 Be6 16. Nd4 Bc4 17. Re1 Rc8 18. Qd2 Ne6 {[%cal Bc5e6,Be6d4,Bd4c2][%mdl 32]} 19. Rad1 Qc7 20. f4 Nxd4 21. fxe5 Nxc2 22. Qxc2 Qxe5 23. Qa4 a6 24. Rd4 Be6 25. Qb4 Rc7 26. Qb6 Qc5 27. Qxc5 Rxc5 28. Red1 Rfc8 29. e4 Kg7 30. Kf2 h5 {[%cal Bh7h5,Bh5h4][%mdl 32]} 31. Ke3 h4 32. R1d2 f6 33. Rf2 Kf7 34. Rfd2 Ke8 35. Nd5 Rc1 36. Nc3 Rh1 37. Kf2 h3 38. Kg3 Rg1 39. Kf3 g5 40. g3 Kf7 41. Rd1 Rg2 42. R1d2 Rxd2 43. Rxd2 $19 {[%mdl 4096] Endgame KRB-KRN} b5 44. Ke3 Bb3 45. Rd4 Bc4 46. Rd2 a5 47. Nd1 Be6 48. Nc3 b4 49. axb4 axb4 50. Ne2 (50. Nd1 $17 {keeps fighting.}) 50... Bg4 51. Nd4 {[#]} Rc1 $1 52. Nc2 b3 53. Nd4 Re1+ 54. Kd3 Bc8 55. Nxb3 Ba6+ 56. Kd4 (56. Kc2 {might work better.}) 56... e5+ 57. Kc5 Rxe4 58. Na5 Re1 59. b4 Rb1 60. Nc4 $2 (60. Nc6 Rc1+ 61. Kb6) 60... Bxc4 $1 61. Kxc4 {KR-KR} Ke6 62. b5 e4 63. Kc5 {If only White now had time for b6....} Kf5 64. Re2 (64. Kd4 $142 Rxb5 65. Rf2+ Kg4 66. Kxe4) 64... Ke5 65. Kc6 f5 66. b6 f4 67. gxf4+ gxf4 {[%cal Bg5f4,Bf4f3,Bf3f2][%mdl 32]} 68. Rc2 e3 69. Rc5+ Kd4 {Black mates.} 70. Rd5+ Ke4 71. Rd8 f3 72. b7 f2 73. Rf8 e2 74. b8=Q Rxb8 75. Rxb8 e1=Q {Precision: White = 40%, Black = 82%.} 0-1

[Event "Oslo Chess Festival 2017"]
[Site "Oslo"]
[Date "2017.09.29"]
[Round "1"]
[White "Grover, Sigurd Loe"]
[Black "Bartholomew, John"]
[Result "0-1"]
[WhiteElo "1816"]
[BlackElo "2449"]
[Annotator "TA"]
[PlyCount "62"]
[EventDate "2017.??.??"]
[EventType "swiss"]
[EventCountry "NOR"]
[SourceTitle "playchess.com"]
[Source "ChessBase"]
[SourceQuality "1"]

{[%evp 12,62,19,-8,-5,-3,-14,-21,0,0,0,0,4,0,0,0,0,7,35,-6,0,0,0,-10,0,-37,-37,-39,0,-20,-16,-15,-15,-20,-8,-15,-7,-106,-108,-114,-105,-118,-102,-247,-239,-244,-237,-373,-359,-610,-582,-1428,-1436]} 1. e4 c5 2. Nc3 a6 3. g3 b5 4. Bg2 Bb7 5. d3 e6 6. f4 Be7 {B23: Closed Sicilian: Lines without g3} (6... Nf6 7. Nf3 b4 8. Ne2 Nc6 9. O-O Be7 10. h3 d5 11. e5 Nd7 12. Be3 O-O 13. g4 d4 14. Bd2 f6 15. exf6 Nxf6 {½-½ (29) Jakubowski,K (2562)-Kempinski,R (2647) Poland 2015}) 7. Nf3 {LiveBook: 6 Games} d5 8. exd5 exd5 {The position is equal.} 9. d4 c4 $146 ({Predecessor:} 9... b4 10. Ne2 c4 11. O-O Nd7 12. Ne5 f6 13. Nxc4 Qc7 14. Ne3 Nb6 {1-0 (41) Timoshuk-Salevich,V Lvov 1998}) 10. O-O Nf6 {[%cal Bg8f6,Bf6e8,Be8d6,Bd6f5][%mdl 32]} 11. Ne5 O-O 12. a3 Nbd7 13. Be3 Nb6 14. Qe2 Ne8 15. Bf3 f6 16. Ng4 Nd6 17. Qg2 {[%cal Rc3d5]} Nf5 {And now ...h5 would win.} 18. Rfe1 Qd7 19. Bf2 Rfd8 20. Rad1 a5 21. Ne3 Nxe3 22. Rxe3 b4 23. Rde1 Bf8 {[%cal Be7f8,Bf8b4,Bb4e1][%mdl 32]} 24. Nb1 {[#]} (24. Nd1 $11) 24... c3 $1 $17 {[%cal Rc3b2][%mdl 512]} 25. b3 (25. bxc3 Nc4) 25... bxa3 26. Nxc3 Rac8 $36 {[%mdl 2048] Black is really pushing.} 27. Rc1 (27. Rd1 $17 {might work better.}) 27... Bb4 $19 28. Be1 Re8 29. Rxe8+ (29. Qe2 {was called for.}) 29... Qxe8 30. Nxd5 $2 {[#]} (30. Qe2 Ba6 31. Qxe8+ Rxe8 32. Bd2) 30... Bxe1 31. Nxf6+ gxf6 {Precision: White = 32%, Black = 74%.} 0-1

[Event "Oslo Chess Festival 2017"]
[Site "Oslo"]
[Date "2017.09.29"]
[Round "1"]
[White "Aarnes, Carl Christian"]
[Black "Xu, Yi"]
[Result "0-1"]
[WhiteElo "1809"]
[BlackElo "2439"]
[Annotator "TA"]
[PlyCount "80"]
[EventDate "2017.??.??"]
[EventType "swiss"]
[EventCountry "NOR"]
[SourceTitle "playchess.com"]
[Source "ChessBase"]
[SourceQuality "1"]

{[%evp 10,80,25,-9,-17,-20,2,-38,-14,-47,-3,-14,-14,-31,-26,-48,-19,-47,-13,-40,-8,-54,-34,-28,-25,-57,-54,-52,-37,-60,0,6,0,-4,-6,-177,-170,-189,-113,-168,-162,-294,-206,-300,-273,-693,-642,-1530,-1514,-1462,-1405,-1511,-1471,-1413,-1351,-1999,-1952,-1906,-1860,-1753,-1674,-2649,-2642,-3180,-3052,-5307,-3125,-29990,-29991,-29991,-29992,-29992,-29993]} 1. d4 Nf6 2. Nf3 d5 3. g3 e6 4. Bg2 Be7 5. O-O O-O 6. a3 {LiveBook: 7 Games. D02: 1 d4 d5 2 Nf3 sidelines, including 2...Nf6 3 g3 and 2...Nf6 3 Bf4} (6. c4 $5) (6. c4 dxc4 7. Qc2 b6 8. Qxc4 Bb7 9. Nc3 Nbd7 10. Rd1 c5 11. dxc5 Bxc5 12. b4 Bxf2+ 13. Kxf2 Rc8 14. Qf4 Rxc3 15. Bb2 Rc7 16. Bxf6 gxf6 17. Rac1 Rxc1 18. Qxc1 Qc8 19. Qxc8 Bxc8 {½-½ (45) Bu,X (2710)-Bacrot,E (2715) Tbilisi 2017}) 6... c5 7. c3 a5 $146 ({Predecessor:} 7... Nbd7 8. Nbd2 a5 9. a4 cxd4 10. cxd4 b6 11. Ne5 Bb7 12. Ndc4 Rc8 13. Nxd7 Nxd7 {0-1 (23) Kulkarni,V (2354)-Shyam,S (2489) New Delhi 2015}) 8. b3 {The position is equal.} b6 9. Bb2 Nc6 (9... a4 $5) 10. Nbd2 Bb7 11. Re1 Qc7 12. a4 Rad8 13. Qc2 Bd6 14. Rac1 Rfe8 15. dxc5 Bxc5 16. Nd4 e5 17. Nb5 Qd7 18. e4 d4 19. Nc4 $1 d3 (19... Ng4 $15 20. Rf1 dxc3 21. Bxc3 Nd4 22. Bxd4 exd4) 20. Qd2 $11 Ng4 $36 {[%mdl 2048] Black is pushing.} 21. Rf1 $1 f5 22. h3 $2 (22. Ba3 $11 {and White has nothing to worry.}) 22... Nf6 $19 23. exf5 {[#]} Qxf5 ({Black should try} 23... Na7 $1 $19 24. Nxa7 Bxg2 25. Kxg2 Qxa7) 24. Ne3 (24. Rce1 $17) 24... Qd7 {Hoping for ...Ne7.} 25. Kh2 (25. Ba3 $142) 25... e4 26. Ba3 (26. c4 $142) 26... Ne5 {Threatens to win with ...Bxe3.} 27. b4 $2 (27. Bxc5 bxc5 28. b4) 27... Bxe3 28. Qxe3 {[#]} Nfg4+ $1 {[%mdl 512]} 29. hxg4 Nxg4+ 30. Kg1 Nxe3 31. fxe3 Qg4 32. bxa5 Qxg3 33. Nd4 Qxe3+ 34. Kh2 d2 35. Ra1 Qxc3 36. Nf5 Qe5+ 37. Kh1 d1=Q 38. Nh6+ gxh6 {Black mates.} 39. Raxd1 Rxd1 40. Rxd1 Qh5+ {Precision: White = 22%, Black = 60%.} 0-1

[Event "Oslo Chess Festival 2017"]
[Site "Oslo"]
[Date "2017.09.29"]
[Round "1"]
[White "Jarve, Edvin"]
[Black "Pigott, John C"]
[Result "0-1"]
[WhiteElo "1805"]
[BlackElo "2408"]
[Annotator "RC"]
[PlyCount "70"]
[EventDate "2017.??.??"]
[EventType "swiss"]
[EventCountry "NOR"]
[SourceTitle "playchess.com"]
[Source "ChessBase"]
[SourceQuality "1"]
[TimeControl "5400+30"]

1. d4 {[%emt 0:00:04]} Nf6 {[%emt 0:00:10]} 2. c4 {[%emt 0:00:18]} g6 {[%emt 0:00:09]} 3. Nc3 {[%emt 0:00:24]} d5 {[%emt 0:00:09]} 4. Nf3 {[%emt 0:00:42]} Bg7 {[%emt 0:00:07]} 5. Bg5 {[%emt 0:01:10]} Ne4 {[%emt 0:00:24]} 6. Bh4 {[%emt 0:00:31]} Nxc3 {[%emt 0:00:22]} 7. bxc3 {[%emt 0:00:02]} dxc4 {[%emt 0:00:08]} 8. Qa4+ {[%emt 0:00:41]} Nd7 {[%emt 0:08:00]} 9. Qxc4 {[%emt 0:03:50]} c5 {[%emt 0:02:42]} 10. e3 {[%emt 0:02:47]} cxd4 {[%emt 0:09:44]} 11. cxd4 {[%emt 0:06:57]} Qa5+ {[%emt 0:05:33]} 12. Nd2 {[%emt 0:01:35]} e5 {[%emt 0:05:09]} 13. Rc1 {[%emt 0:12:10]} O-O {[%emt 0:01:08]} 14. Be7 {[%emt 0:16:00]} Re8 {[%emt 0:08:53]} 15. Bb4 {[%emt 0:00:37]} Qd8 {[%emt 0:01:10]} 16. dxe5 {[%emt 0:18:35]} Nxe5 {[%emt 0:00:42]} 17. Qc7 {[%emt 0:05:38]} Qh4 {[%emt 0:07:48]} 18. Bb5 {[%emt 0:09:56]} Qxb4 {[%emt 0:22:02]} 19. Bxe8 {[%emt 0:00:20]} Nd3+ {[%emt 0:00:19]} 20. Ke2 {[%emt 0:00:19]} Nxc1+ {[%emt 0:00:15]} 21. Rxc1 {[%emt 0:00:18]} Be6 {[%emt 0:08:26]} 22. Bd7 {[%emt 0:01:20]} Qg4+ {[%emt 0:00:09]} 23. f3 {[%emt 0:00:50]} Qxg2+ {[%emt 0:00:05]} 24. Kd3 {[%emt 0:00:45]} Bxd7 {[%emt 0:04:44]} 25. Qxd7 {[%emt 0:00:01]} Qxh2 {[%emt 0:00:57]} 26. Rc7 {[%emt 0:01:49]} Rf8 {[%emt 0:00:27]} 27. Rxb7 {[%emt 0:01:06]} a5 {[%emt 0:00:05]} 28. a4 {[%emt 0:04:12]} Qh4 {[%emt 0:01:40]} 29. Ke2 {[%emt 0:00:54]} h5 {[%emt 0:00:24]} 30. Qc7 {[%emt 0:03:10]} Qxa4 {[%emt 0:01:37]} 31. Ra7 {[%emt 0:00:31]} Qb5+ {[%emt 0:00:14]} 32. Kf2 {[%emt 0:00:46]} Qb2 {[%emt 0:01:25]} 33. Ke2 {[%emt 0:02:36]} Bc3 {[%emt 0:01:50]} 34. Qd7 {[%emt 0:00:25]} a4 {[%emt 0:01:06]} 35. Rb7 {[%emt 0:01:41]} Qxd2+ {[%emt 0:00:40]} 0-1

[Event "Oslo Chess Festival 2017"]
[Site "Oslo"]
[Date "2017.09.29"]
[Round "1"]
[White "Wright, Haakon"]
[Black "Stark, Lars"]
[Result "0-1"]
[WhiteElo "1795"]
[BlackElo "2397"]
[Annotator "NA"]
[PlyCount "56"]
[EventDate "2017.??.??"]
[EventType "swiss"]
[EventCountry "NOR"]
[SourceTitle "playchess.com"]
[Source "ChessBase"]
[SourceQuality "1"]
[TimeControl "5400+30"]

1. d4 {[%emt 0:11:06]} Nf6 {[%emt 0:00:12]} 2. Bf4 {[%emt 0:00:05]} e6 {[%emt 0:00:33]} 3. e3 {[%emt 0:00:08]} c5 {[%emt 0:00:18]} 4. c3 {[%emt 0:00:48]} Nc6 {[%emt 0:00:11]} 5. Nd2 {[%emt 0:00:26]} d5 {[%emt 0:00:47]} 6. Bd3 {[%emt 0:00:43]} Bd6 {[%emt 0:07:47]} 7. Bg3 {[%emt 0:00:08]} e5 {[%emt 0:01:32]} 8. dxe5 {[%emt 0:08:41]} Nxe5 {[%emt 0:00:30]} 9. Bb5+ {[%emt 0:01:25]} Bd7 {[%emt 0:01:56]} 10. Bxd7+ {[%emt 0:02:06]} Qxd7 {[%emt 0:00:07]} 11. Ndf3 {[%emt 0:05:20]} Nc4 {[%emt 0:02:41]} 12. Bxd6 {[%emt 0:10:22]} Qxd6 {[%emt 0:00:27]} 13. Qa4+ {[%emt 0:06:55]} Ke7 {[%emt 0:02:29]} 14. b3 {[%emt 0:11:32]} Ne5 {[%emt 0:09:10]} 15. Nxe5 {[%emt 0:10:54]} Qxe5 {[%emt 0:00:23]} 16. Ne2 {[%emt 0:06:47]} Rhd8 {[%emt 0:12:45]} 17. Qb5 {[%emt 0:06:35]} b6 {[%emt 0:01:03]} 18. O-O {[%emt 0:04:37]} Ng4 {[%emt 0:03:49]} 19. g3 {[%emt 0:03:17]} Rd6 {[%emt 0:07:11]} 20. Qa4 {[%emt 0:02:49]} Qh5 {[%emt 0:02:48]} 21. h4 {[%emt 0:00:52]} Ne5 {[%emt 0:00:46]} 22. Nf4 {[%emt 0:03:04]} Qf3 {[%emt 0:01:03]} 23. Qb5 {[%emt 0:02:43]} Rf6 {[%emt 0:04:21]} 24. Rad1 {[%emt 0:03:23]} Rd8 {[%emt 0:00:15]} 25. e4 {[%emt 0:02:54]} Rxf4 {[%emt 0:00:38]} 26. exd5 {[%emt 0:02:11]} Rxh4 {[%emt 0:00:21]} 27. d6+ {[%emt 0:00:51]} Rxd6 {[%emt 0:00:24]} 28. gxh4 {[%emt 0:01:33]} Rg6+ {[%emt 0:00:09] 0} 0-1

[Event "Oslo Chess Festival 2017"]
[Site "Oslo"]
[Date "2017.09.29"]
[Round "1"]
[White "Markussen, Petter B"]
[Black "Ernst, Thomas"]
[Result "0-1"]
[WhiteElo "1756"]
[BlackElo "2371"]
[Annotator "NA"]
[PlyCount "44"]
[EventDate "2017.??.??"]
[EventType "swiss"]
[EventCountry "NOR"]
[SourceTitle "playchess.com"]
[Source "ChessBase"]
[SourceQuality "1"]
[TimeControl "5400+30"]

1. c4 {[%emt 0:00:02]} e5 {[%emt 0:00:21]} 2. Nc3 {[%emt 0:00:10]} d6 {[%emt 0:00:12]} 3. Nf3 {[%emt 0:00:51]} f5 {[%emt 0:00:15]} 4. d4 {[%emt 0:00:04]} e4 {[%emt 0:00:09]} 5. Ng5 {[%emt 0:02:58]} Nf6 {[%emt 0:05:04]} 6. Nh3 {[%emt 0:00:41]} c6 {[%emt 0:12:35]} 7. Bg5 {[%emt 0:07:48]} h6 {[%emt 0:00:38]} 8. Bxf6 {[%emt 0:01:20]} Qxf6 {[%emt 0:00:06]} 9. e3 {[%emt 0:00:39]} Na6 {[%emt 0:07:11]} 10. Be2 {[%emt 0:17:18]} g6 {[%emt 0:03:15]} 11. Nf4 {[%emt 0:02:54]} h5 {[%emt 0:00:13]} 12. h4 {[%emt 0:04:10]} Nc7 {[%emt 0:00:42]} 13. f3 {[%emt 0:05:16]} exf3 {[%emt 0:04:34]} 14. Bxf3 {[%emt 0:01:27]} Ne6 {[%emt 0:02:40]} 15. Qa4 {[%emt 0:06:58]} Nxf4 {[%emt 0:03:32]} 16. Bxc6+ {[%emt 0:03:30]} Kf7 {[%emt 0:04:14]} 17. exf4 {[%emt 0:01:08]} bxc6 {[%emt 0:04:18]} 18. Qxc6 {[%emt 0:00:51]} Qe7+ {[%emt 0:00:20]} 19. Kf2 {[%emt 0:01:28]} Rb8 {[%emt 0:07:26]} 20. Rae1 {[%emt 0:00:21]} Rxb2+ {[%emt 0:01:04]} 21. Kg3 {[%emt 0:00:09]} Qd7 {[%emt 0:01:42]} 22. Qd5+ {[%emt 0:01:35]} Kg7 {[%emt 0:00:29]} 0-1

[Event "Oslo Chess Festival 2017"]
[Site "Oslo"]
[Date "2017.09.29"]
[Round "1"]
[White "Mikelsen, Mattis"]
[Black "Maksimovic, Branimir"]
[Result "0-1"]
[WhiteElo "1754"]
[BlackElo "2343"]
[Annotator "NA"]
[PlyCount "54"]
[EventDate "2017.??.??"]
[EventType "swiss"]
[EventCountry "NOR"]
[SourceTitle "playchess.com"]
[Source "ChessBase"]
[SourceQuality "1"]
[TimeControl "5400+30"]

1. e4 {[%emt 0:00:02]} c5 {[%emt 0:00:06]} 2. d4 {[%emt 0:00:14]} cxd4 {[%emt 0:00:07]} 3. c3 {[%emt 0:00:05]} d5 {[%emt 0:00:47]} 4. exd5 {[%emt 0:03:00]} Qxd5 {[%emt 0:00:06]} 5. cxd4 {[%emt 0:00:15]} Nc6 {[%emt 0:01:48]} 6. Nf3 {[%emt 0:00:11]} e5 {[%emt 0:08:18]} 7. Nc3 {[%emt 0:08:34]} Bb4 {[%emt 0:00:07]} 8. dxe5 {[%emt 0:00:54]} Qxd1+ {[%emt 0:00:48]} 9. Kxd1 {[%emt 0:00:06]} Nge7 {[%emt 0:04:20]} 10. Bf4 {[%emt 0:04:20]} Ng6 {[%emt 0:01:12]} 11. Bg3 {[%emt 0:01:10]} Bg4 {[%emt 0:02:01]} 12. Kc2 {[%emt 0:11:18]} O-O {[%emt 0:02:54]} 13. Re1 {[%emt 0:06:07]} Rac8 {[%emt 0:03:42]} 14. Bd3 {[%emt 0:10:27]} Bxf3 {[%emt 0:05:33]} 15. gxf3 {[%emt 0:00:08]} Nd4+ {[%emt 0:00:06]} 16. Kb1 {[%emt 0:00:12]} Bxc3 {[%emt 0:00:48]} 17. bxc3 {[%emt 0:01:15]} Rxc3 {[%emt 0:00:24]} 18. Re3 {[%emt 0:03:09]} Rfc8 {[%emt 0:00:15]} 19. Rd1 {[%emt 0:07:30]} R3c6 {[%emt 0:00:28]} 20. Bxg6 {[%emt 0:00:50]} Rb6+ {[%emt 0:00:04]} 21. Rb3 {[%emt 0:04:37]} Nxb3 {[%emt 0:00:06]} 22. Bxh7+ {[%emt 0:00:37]} Kxh7 {[%emt 0:00:18]} 23. axb3 {[%emt 0:00:06]} Rxb3+ {[%emt 0:00:29]} 24. Ka2 {[%emt 0:00:04]} Rxf3 {[%emt 0:01:23]} 25. Rd7 {[%emt 0:00:07]} Rc2+ {[%emt 0:00:44]} 26. Kb1 {[%emt 0:00:12]} Rc6 {[%emt 0:00:03]} 27. Rxb7 {[%emt 0:00:36]} Rb6+ {[%emt 0:00:07]} 0-1